Podtatranská sonatína pre baryt. akordeón

Bibliographic Details
Main Author: Novák, Milan, 1927-2021 (Composer)
Other Authors: Pitoňák, Stanislav (Arranger)
Format: Musical Score Book
Language:Slovak
PhysicalDescription:1 partitúra (11 s.) 30 cm
Published: Banská Bystrica Róbert Tatár - PRESTO 2007
ISBN:9788096966103 (brož.)
Edition:[1. vyd.]
Subjects:

MARC

LEADER 00000ncm a2200000 a 4500
001 vtls009290566
003 SK-MaSNL
005 20260331205035.0
007 qu
008 080429s2007 xo sng f u slo
015 |a SNBH2014 
020 |a 9788096966103 (brož.) 
040 |a SNK  |b slo  |c SNK  |e AACR2 
041 0 |a slo 
044 |a xo  |c SK 
048 |a kz01 
072 7 |a 786  |x Hudba pre klávesové nástroje  |2 konspekt 
080 |a 78.082.3  |2 2001 
080 |a 786.8.082.3  |2 2001 
080 |a 78.089.6  |2 2001 
084 |a 1.1.4  |2 snlmc 
100 1 |a Novák, Milan,  |d 1927-2021  |4 cmp  |9 224033 
245 1 0 |a Podtatranská sonatína  |h hudobnina  |b pre baryt. akordeón  |c Milan Novák ; rev. Stanislav Pitoňák ; [noty písal R. Tatár] 
250 |a [1. vyd.] 
254 |a Partitúra 
260 |a Banská Bystrica  |b Róbert Tatár - PRESTO  |c 2007 
300 |a 1 partitúra (11 s.)  |c 30 cm 
366 |e 200 výt. 
500 |a Obsahuje časti: Výlet, Svitanie, Pri vatre 
650 0 7 |a sonatíny  |2 SNKPH  |9 51517 
650 0 7 |a sonatíny (akordeón)  |2 SNKPH  |9 647443 
650 0 7 |a Sonatinas  |2 SNKPHeng  |9 319139 
650 0 7 |a Sonatinas (accordion)  |2 SNKPHeng  |9 647444 
655 7 |a partitúry pre sólový nástroj  |2 SNKPH  |9 70508 
655 7 |a Scores for solo instrument  |2 SNKPHeng  |9 285315 
700 1 |a Pitoňák, Stanislav  |4 arr  |9 537528 
700 1 |a Tatár, Róbert,  |d 1947-  |4 oth  |9 108481 
919 |a 978-80-969661-0-3 
924 |a barytón akordeón 
999 |c 1000418  |d 1002348 
952 |a SNK  |b SNK  |y PREZ  |7 0  |p 17A0586994  |o snkHSB 4153  |i snk2008/9577  |8 0  |0 0  |1 0  |4 0  |d 2008-04-29  |l 0  |r 2026-02-24 12:17:40  |w 2026-02-24 
952 |a SNK  |b SNK  |y VYP  |7 0  |p 17A0586993  |o snkHSB 4153 D1  |i snk2008/9578  |8 0  |0 0  |1 0  |4 0  |d 2008-04-29  |l 0  |r 2026-02-24 12:17:40  |w 2026-02-24